- Personnages de Mario Kart Wii - - Statistiques

Statistiques générales
  • Ce quiz a été pris 420 fois
  • Le résultat moyen est 21 sur 26
Statistiques - réponses
Types Personnages % Correct
Moyen Mario
100%
Moyen Luigi
99%
Lourd Bowser
96%
Moyen Peach
96%
Moyen Daisy
91%
Lourd Waluigi
91%
Lourd Wario
91%
Léger Toad
88%
Moyen Yoshi
88%
Léger Bébé Mario
87%
Lourd Donkey Kong
87%
Léger Bébé Luigi
85%
Léger Bébé Peach
85%
Moyen Bowser Jr
82%
Léger Bébé Daisy
79%
Lourd Harmonie
78%
Léger Koopa
78%
Moyen Diddy Kong
77%
Léger Toadette
72%
Lourd Roi Boo
70%
Moyen Birdo
68%
Léger Skelerex
68%
Lourd Funky Kong
64%
Toutes Mii Tenue A
64%
Toutes Mii Tenue B
64%
Lourd Bowser Skelet
51%
Aucun quiz correspondant
Distribution des résultats
% des personnes avec chaque résultat
Percentile par nombre de réponses
Votre historique - résultats
Vous n’avez pas pris ce quiz